000
00443nam a2200145Ia 4500
008
100122s9999 xx 000 0 und d
082
_b
26881
_a
823
100
_a
नरवणे सुधा
245
_a
सरणं गच्छामि
260
_b
आनंद अनंत अंतरकर
_c
1978
300
_a
176
630
_a
सरणं गच्छामि
730
_a
सरणं गच्छामि
942
_c
BOOK
999
_c
413240
_d
413237